Junk Foods by Picture - Statistics

General Stats
  • This quiz has been taken 96,604 times
  • The average score is 11 of 16
Answer Stats
Picture Answer % Correct
Candy Cane
92%
Big Mac
85%
Pop Tart
84%
S'More
83%
Froot Loops
82%
Twinkie
82%
Reese's Peanut Butter Cup
78%
Toblerone
77%
Goldfish
70%
Nerds
70%
Rolo
64%
Cadbury Creme Egg
61%
Fig Newton
54%
{Pocky} Sticks
48%
Kinder Bueno
42%
Nutty Bar
16%
No matching quizzes found
Score Distribution
Percent of People with Each Score
Percentile by Number Answered
Your Score History
You have not taken this quiz